Delí ich schodok štátneho...

Subjektívne problémy podnikateľov alebo nedostatky zákonov, ktoré musia obhajovať záujmy štátu. Problém s DPH v medzinárodnej preprave tovaru. Riešenie obchodných vzťahov. Správca dane. Poradca ako súčasť daňového konania.

Salvato in:
Dettagli Bibliografici
Autore principale: Višváder, P.
Natura: Capitolo di libro
Lingua:slovacco
Soggetti:
Tags: Aggiungi Tag
Nessun Tag, puoi essere il primo ad aggiungerne!!

MARC

LEADER 00000naa a2200000 4500
001 r022294
005 20230801110025.2
041 0 |a slo 
044 |a SK 
245 1 0 |a Delí ich schodok štátneho...  |c P. Višváder 
520 |a Subjektívne problémy podnikateľov alebo nedostatky zákonov, ktoré musia obhajovať záujmy štátu. Problém s DPH v medzinárodnej preprave tovaru. Riešenie obchodných vzťahov. Správca dane. Poradca ako súčasť daňového konania. 
610 2 0 |a Slovensko 
610 2 0 |a 1996 
610 2 0 |a podnikatelia 
610 2 0 |a doprava medzinárodná 
610 2 0 |a dane 
610 2 0 |a poradcovia daňoví 
610 2 0 |a dane z hodnoty pridanej 
100 1 |a Višváder, P.